Detalles MARC
| 000 -CABECERA |
| campo de control de longitud fija |
00910cam a2200265 a 4500 |
| 001 - NÚMERO DE CONTROL |
| campo de control |
000005515 |
| 005 - FECHA Y HORA DE LA ÚLTIMA TRANSACCIÓN |
| campo de control |
20200929151709.0 |
| 008 - DATOS DE LONGITUD FIJA--INFORMACIÓN GENERAL |
| campo de control de longitud fija |
971230s1997 sp b 001 1 spa |
| 020 ## - NÚMERO INTERNACIONAL ESTÁNDAR DEL LIBRO |
| Número Internacional Estándar del Libro |
8437615372 |
| 040 ## - FUENTE DE LA CATALOGACIÓN |
| Centro catalogador/agencia de origen |
DO-SdBNP |
| Centro/agencia transcriptor |
DLC |
| 082 ## - NÚMERO DE LA CLASIFICACIÓN DECIMAL DEWEY |
| Número de clasificación |
863.5 |
| Número de documento/Ítem |
P226p |
| 100 1# - ENTRADA PRINCIPAL--NOMBRE DE PERSONA |
| Nombre de persona |
Pardo Bazán, Emilia, |
| Títulos y otros términos asociados al nombre |
condesa de, |
| Fechas asociadas al nombre |
1852-1921. |
| 9 (RLIN) |
3459 |
| 245 14 - MENCIÓN DE TÍTULO |
| Título |
Los pazos de Ulloa / |
| Mención de responsabilidad, etc. |
Emilia Pardo Bazán ; edición, Ma. de los Ángeles Ayala. |
| 260 ## - PUBLICACIÓN, DISTRIBUCIÓN, ETC. |
| Lugar de publicación, distribución, etc. |
Madrid : |
| Nombre del editor, distribuidor, etc. |
Cátedra, |
| Fecha de publicación, distribución, etc. |
1997. |
| 300 ## - DESCRIPCIÓN FÍSICA |
| Extensión |
405 p. ; |
| Dimensiones |
18 cm. |
| 490 1# - MENCIÓN DE SERIE |
| Mención de serie |
Letras hispánicas |
| Designación de volumen o secuencia |
425 |
| 504 ## - NOTA DE BIBLIOGRAFÍA, ETC. |
| Nota de bibliografía, etc. |
Incluye referencias bibliográficas (p. 81-88). |
| 650 #4 - PUNTO DE ACCESO ADICIONAL DE MATERIA--TÉRMINO DE MATERIA |
| Término de materia o nombre geográfico como elemento de entrada |
Novela española |
| 9 (RLIN) |
1123 |
| 650 #4 - PUNTO DE ACCESO ADICIONAL DE MATERIA--TÉRMINO DE MATERIA |
| Término de materia o nombre geográfico como elemento de entrada |
Literatura española |
| 9 (RLIN) |
632 |
| 600 14 - PUNTO DE ACCESO ADICIONAL DE MATERIA--NOMBRE DE PERSONA |
| Nombre de persona |
PARDO BAZÁN, EMILIA, |
| Títulos y otros términos asociados al nombre |
CONDESA DE, |
| Fechas asociadas al nombre |
1852-1921. |
| 9 (RLIN) |
3459 |
| 700 1# - PUNTO DE ACCESO ADICIONAL--NOMBRE DE PERSONA |
| Nombre de persona |
Ayala, María de los Ángeles, |
| Término indicativo de función/relación |
ed. |
| 9 (RLIN) |
15619 |
| 830 #0 - PUNTO DE ACCESO ADICIONAL DE SERIE-TÍTULO UNIFORME |
| Título uniforme |
Letras hispánicas ; |
| Designación de volumen o secuencia |
425 |
| 9 (RLIN) |
4208 |
| 910 ## - DATOS DE OPCIÓN DEL USUARIO (OCLC) |
| Datos de opción del usuario |
Catalogación por copia / LC |
| 910 ## - DATOS DE OPCIÓN DEL USUARIO (OCLC) |
| Datos de opción del usuario |
WM |